000 02259cam a22004454i 4500
003 PE-LiUPU
005 20250731165433.0
008 160302s1993 pe a grm 000 0 spa d
035 _a(Sirsi) a156350
040 _aPE-LiUPU
_bspa
_cPE-LiUPU
_erda
099 _aTE 2
_bV35 1993
100 1 _aVásquez Villanueva, Antonia
_eautor
245 1 3 _aEl nivel socio - cultural de los padres y el rendimiento escolar de los alumnos del Colegio Unión y del Centro Educativo Almirante Miguel Grau, USE 14, Año 1991 /
_cAntonia Vásquez Villanueva.
264 0 _c1993.
300 _a88 hojas
_c30 cm
336 _atext
_2rdacontent
337 _aunmediated
_2rdamedia
338 _avolume
_2rdacarrier
502 _aTesis
_b(Lic.) --
_cUniversidad Peruana Unión,
_d1993.
504 _aIncluye referencias
520 3 _aEn el presente trabajo hemos considerado, entre otros, la actuación de la madre como principal educadora de sus hijos, el cultivo de los sentimientos de nuestros hijos, la nueva figura del padre y de la madre, las perspectivas de una paternidad mas responsable y dichosa, la misión conjunta del padre y de la madre, el padre modelo, caminando por el sendero trillado, la psicología de la paternidad y la educación de loa padres, lamentables proyecciones de la crisis del hogar, como mejorar la escuela del hogar, la enseñanza y el aprendizaje escolar, la autoridad y las virtudes en la familia, la autoridad como un servicio en la educación de los hijos, las necesidades intelectuales, la eficacia de los valores, la educación y el valor del tiempo, la influencia del hogar, las características de una buena madre y esposa, y cuando empezar la educación del niño.
526 _aSEG44
526 _aSEG26
526 _aP151
526 _aP150
526 _aP149
526 _aP146
526 _aP145
526 _aP126
526 _aP125
526 _aP92
526 _aP75
526 _aP74
526 _aP27
526 _aP15
650 0 4 _aEstudiantes de secundaria
_xRendimiento académico.
596 _a1
942 _2ddc
_cTESIS
999 _aTE 2 V35 1993
_wALPHANUM
_c9032
_iT00213
_lCCODEBUL3
_mBUL
_r1
_sY
_tTESIS
_u2016-3-2
_xEDUCACION
_zUNKNOWN
_o.STAFF. Tesis
_d9032
980 _81
_gALBERTO SANCHEZ Responsable de Automatización